Les mosquées du Caire /

محفوظ في:

المؤلف الرئيسي: Hautecœur, Louis, 1884-1973.

مؤلفون آخرون: Wiet, Gaston, 1887-1971.

التنسيق: كتاب

اللغة: French

منشور في: Paris : Librairie Ernest Leroux, 1932.

الموضوعات:

الوسوم: إضافة وسم

لا توجد وسوم, كن أول من يضع وسما على هذه التسجيلة!

رقم الطلب: ( R )NA6083 .A1 H3 v.1-2

LEADER 01146nam a2200253Ia 4500
003 OSt
005 20240730050534.0
008 770323s1932 fr aef b 001 0 fre c
952 |0 0  |1 0  |2 lcc  |3 V.1  |4 0  |7 1  |9 43947  |a ARCE  |b ARCE  |d 2022-11-24  |l 0  |o ( R )NA6083 .A1 H3 v.1-2  |p 1035657  |r 2022-11-24 00:00:00  |w 2022-11-24  |y BK 
952 |0 0  |1 0  |2 lcc  |3 V.2  |4 0  |7 1  |9 51362  |a ARCE  |b ARCE  |d 2023-10-26  |l 0  |o ( R )NA6083 .A1 H3 v.1-2  |p 1035658  |r 2023-10-26 00:00:00  |w 2023-10-26  |y BK 
999 |c 50404  |d 50404 
040 |c ARCE Library 
050 4 |a ( R )NA6083 .A1 H3 v.1-2 
100 1 |a Hautecœur, Louis,   |d 1884-1973. 
245 1 4 |a Les mosquées du Caire /   |c par Louis Hautecœur, et Gaston Wiet. 
264 1 |a Paris :   |b Librairie Ernest Leroux,   |c 1932. 
300 |a 2 v. :   |b ill., plates, plans ;   |c 33 cm. 
500 |a Album in portfolio (247 leaves of plates ; 30 cm). 
504 |a Includes bibliographical references and index. 
505 0 |a  1. Texte: Avant-propos. 1. ptie. Les faits, par G. Wiet. 2. ptie. Les œuvres / par L. Hautecœur -- 2. Album. 
650 0 |a Mosques -- Egypt -- Cairo. 
700 1 |a Wiet, Gaston,   |d 1887-1971. 
901 |a reviewed 
942 |2 lcc  |c BK